000 01244nam2a22002771 4500
001 RU\NLR\INFOCOMM21\5000050850
005 20250617032145.0
035 _a(NLR Aleph) 002411736
090 _a1822084
_c1822084
100 _a20050128d1981 |||y0rusy50 ca
101 0 _arus
102 _aRU
105 _ay ||||000|y
200 1 _aМаневренность вертолета
_e(По материалам иностр. печати)
_fМ.А. Голованова, М.А. Рубинштейн
210 _d1981
_aБ. м.
225 1 _aОбзоры
461 0 _1001RU\NLR\INFOCOMM21\5000048626
_12001#$aОбзоры. Переводы. Рефераты$fЦАГИ. Бюро науч. информации$v№593
_93998302
_aЦентральный аэрогидродинамический институт им. Н. Е. Жуковского (Москва)
_c[М.]
_d1962-
_fЦАГИ. Бюро науч. информации
_tОбзоры. Переводы. Рефераты
_v№593
700 1 _aГолованова
_bМ.А.
_4070
701 1 _aРубинштейн
_bМ.А.
_4070
801 1 _aRU
_bInfoComm
_c20050201
801 0 _aRU
_bNLR
_gPSBO
852 _aNLR
_jП11/2256
942 _cISSUE
980 _aNB
980 _aRUSPER